J. Cole Albums - Statistics

General Stats
  • This quiz has been taken 290 times
    120 since last reset
  • The average score is 6 of 7
Answer Stats
Hint Answer % Correct
December 9, 2014 2014 Forest Hills Drive
97%
February 6, 2026 The Fall-Off
97%
April 20, 2018 KOD
89%
June 18, 2013 Born Sinner
86%
May 14, 2021 The Off-Season
83%
December 9, 2016 4 Your Eyez Only
79%
September 27, 2011 Cole World: The Sideline Story
74%
No matching quizzes found
Score Distribution
Percent of People with Each Score
Percentile by Number Answered
Your Score History
You have not taken this quiz since the last reset